| 000 | 00939nam a2200265 4500 | ||
|---|---|---|---|
| 001 | 174573 | ||
| 003 | ES-MaACL | ||
| 005 | 20260521123126.0 | ||
| 008 | 100506s19681969cc |||| |dspa d | ||
| 080 | _a32(081) Mao, Tse-tung | ||
| 100 | 1 |
_aMao, Zedong, _d1893-1976 _9170492 |
|
| 245 | 1 | 0 | _aObras escogidas de Mao Tse-Tung. |
| 250 | _a1ª ed. | ||
| 260 |
_aPekin : _bEdiciones en Lenguas Extranjeras, _c1968. |
||
| 300 |
_a4 v. (374, 496, 303, 480 p.) : _bretr. ; _c22 cm. |
||
| 504 | _aReferencias bibliográficas. | ||
| 534 |
_pTraducción española de la 1ª ed. china, publ. en: _cPekín : Ed. del Pueblo, 1952-1960. |
||
| 595 | _av. 4: 1969 (3ª imp. de la 2ª ed. de 1963) | ||
| 599 | _av. 1: retr. del autor en anteport. | ||
| 600 | 1 | 7 |
_aMao, Zedong, _d1893-1976 _9170492 |
| 650 | 4 |
_aMaoísmo. _9142742 |
|
| 651 | 4 |
_aChina- _xPolítica y gobierno- _y1949-1976. _98057 |
|
| 852 | 4 |
_aBA _jC-57221-24 |
|
| 999 |
_c174573 _d174573 |
||